<?xml version="1.0" encoding="UTF-8"?><marc:collection xmlns:marc="http://www.loc.gov/MARC21/slim">
  <marc:record>
    <marc:leader>04176nas a2200589 c 4500</marc:leader>
    <marc:controlfield tag="001">010063021</marc:controlfield>
    <marc:controlfield tag="003">DE-101</marc:controlfield>
    <marc:controlfield tag="005">20250311202354.0</marc:controlfield>
    <marc:controlfield tag="007">tu</marc:controlfield>
    <marc:controlfield tag="008">991118c19469999xxuu||p|  ||| 0||||1eng c</marc:controlfield>
    <marc:datafield tag="016" ind1="7" ind2=" ">
      <marc:subfield code="2">DE-600</marc:subfield>
      <marc:subfield code="a">4236-5</marc:subfield>
    </marc:datafield>
    <marc:datafield tag="016" ind1="7" ind2=" ">
      <marc:subfield code="2">DE-101</marc:subfield>
      <marc:subfield code="a">010063021</marc:subfield>
    </marc:datafield>
    <marc:datafield tag="022" ind1=" " ind2=" ">
      <marc:subfield code="a">0082-8416</marc:subfield>
    </marc:datafield>
    <marc:datafield tag="035" ind1=" " ind2=" ">
      <marc:subfield code="a">(DE-599)ZDB4236-5</marc:subfield>
    </marc:datafield>
    <marc:datafield tag="035" ind1=" " ind2=" ">
      <marc:subfield code="a">(OCoLC)1367276521</marc:subfield>
    </marc:datafield>
    <marc:datafield tag="040" ind1=" " ind2=" ">
      <marc:subfield code="a">9001</marc:subfield>
      <marc:subfield code="b">ger</marc:subfield>
      <marc:subfield code="c">DE-101</marc:subfield>
      <marc:subfield code="d">9999</marc:subfield>
    </marc:datafield>
    <marc:datafield tag="041" ind1=" " ind2=" ">
      <marc:subfield code="a">eng</marc:subfield>
    </marc:datafield>
    <marc:datafield tag="042" ind1=" " ind2=" ">
      <marc:subfield code="a">zdb</marc:subfield>
    </marc:datafield>
    <marc:datafield tag="044" ind1=" " ind2=" ">
      <marc:subfield code="c">XD-US</marc:subfield>
    </marc:datafield>
    <marc:datafield tag="082" ind1="7" ind2="4">
      <marc:subfield code="a">320</marc:subfield>
      <marc:subfield code="q">DE-600</marc:subfield>
      <marc:subfield code="2">22sdnb</marc:subfield>
    </marc:datafield>
    <marc:datafield tag="084" ind1=" " ind2=" ">
      <marc:subfield code="a">PR 1000</marc:subfield>
      <marc:subfield code="2">rvk</marc:subfield>
    </marc:datafield>
    <marc:datafield tag="110" ind1="2" ind2=" ">
      <marc:subfield code="0">(DE-588)1001797-5</marc:subfield>
      <marc:subfield code="0">https://d-nb.info/gnd/1001797-5</marc:subfield>
      <marc:subfield code="0">(DE-101)004012151</marc:subfield>
      <marc:subfield code="a">Vereinte Nationen</marc:subfield>
      <marc:subfield code="b">Sicherheitsrat</marc:subfield>
      <marc:subfield code="e">Verfasser</marc:subfield>
      <marc:subfield code="4">aut</marc:subfield>
      <marc:subfield code="2">gnd</marc:subfield>
    </marc:datafield>
    <marc:datafield tag="245" ind1="1" ind2="0">
      <marc:subfield code="a">Official records / United Nations, Security Council</marc:subfield>
      <marc:subfield code="b">= Documents officiels / Nations Unies, Conseil de Sécurité</marc:subfield>
    </marc:datafield>
    <marc:datafield tag="246" ind1="1" ind2="1">
      <marc:subfield code="a">Documents officiels / Nations Unies, Conseil de Sécurité</marc:subfield>
    </marc:datafield>
    <marc:datafield tag="246" ind1="3" ind2=" ">
      <marc:subfield code="a">Records of meetings of the Security Council</marc:subfield>
    </marc:datafield>
    <marc:datafield tag="247" ind1="0" ind2="0">
      <marc:subfield code="a">Records of meeting of the Security Council</marc:subfield>
      <marc:subfield code="f">Haupsacht. teils</marc:subfield>
    </marc:datafield>
    <marc:datafield tag="247" ind1="0" ind2="0">
      <marc:subfield code="a">Procès-verbaux officiels</marc:subfield>
      <marc:subfield code="f">Parallelsacht. bis 667.1954</marc:subfield>
    </marc:datafield>
    <marc:datafield tag="247" ind1="0" ind2="0">
      <marc:subfield code="a">Comptes rendus des séances du Conseil de Sécurité</marc:subfield>
      <marc:subfield code="f">Parallelsacht. teils</marc:subfield>
    </marc:datafield>
    <marc:datafield tag="264" ind1="3" ind2="1">
      <marc:subfield code="a">New York, NY</marc:subfield>
      <marc:subfield code="b">United Nations</marc:subfield>
      <marc:subfield code="c">1946-</marc:subfield>
    </marc:datafield>
    <marc:datafield tag="336" ind1=" " ind2=" ">
      <marc:subfield code="a">Text</marc:subfield>
      <marc:subfield code="b">txt</marc:subfield>
      <marc:subfield code="2">rdacontent</marc:subfield>
    </marc:datafield>
    <marc:datafield tag="337" ind1=" " ind2=" ">
      <marc:subfield code="a">ohne Hilfsmittel zu benutzen</marc:subfield>
      <marc:subfield code="b">n</marc:subfield>
      <marc:subfield code="2">rdamedia</marc:subfield>
    </marc:datafield>
    <marc:datafield tag="338" ind1=" " ind2=" ">
      <marc:subfield code="a">Band</marc:subfield>
      <marc:subfield code="b">nc</marc:subfield>
      <marc:subfield code="2">rdacarrier</marc:subfield>
    </marc:datafield>
    <marc:datafield tag="362" ind1="0" ind2=" ">
      <marc:subfield code="a">Year 1.1946 -</marc:subfield>
    </marc:datafield>
    <marc:datafield tag="363" ind1="0" ind2="1">
      <marc:subfield code="8">1.1\x</marc:subfield>
      <marc:subfield code="a">1</marc:subfield>
      <marc:subfield code="i">1946</marc:subfield>
    </marc:datafield>
    <marc:datafield tag="501" ind1=" " ind2=" ">
      <marc:subfield code="a">Ungezählte Beil.: Special suppl.</marc:subfield>
    </marc:datafield>
    <marc:datafield tag="546" ind1=" " ind2=" ">
      <marc:subfield code="a">Text engl. u. franz.</marc:subfield>
    </marc:datafield>
    <marc:datafield tag="591" ind1=" " ind2=" ">
      <marc:subfield code="a">Kopie</marc:subfield>
    </marc:datafield>
    <marc:datafield tag="610" ind1="2" ind2="7">
      <marc:subfield code="0">(DE-588)1001797-5</marc:subfield>
      <marc:subfield code="0">https://d-nb.info/gnd/1001797-5</marc:subfield>
      <marc:subfield code="0">(DE-101)004012151</marc:subfield>
      <marc:subfield code="a">Vereinte Nationen</marc:subfield>
      <marc:subfield code="b">Sicherheitsrat</marc:subfield>
      <marc:subfield code="9">rswk-swf</marc:subfield>
      <marc:subfield code="2">gnd</marc:subfield>
    </marc:datafield>
    <marc:datafield tag="648" ind1=" " ind2="7">
      <marc:subfield code="a">Geschichte 1946-</marc:subfield>
      <marc:subfield code="9">rswk-swf</marc:subfield>
      <marc:subfield code="2">gnd</marc:subfield>
    </marc:datafield>
    <marc:datafield tag="655" ind1=" " ind2="7">
      <marc:subfield code="0">(DE-588)4067488-5</marc:subfield>
      <marc:subfield code="0">https://d-nb.info/gnd/4067488-5</marc:subfield>
      <marc:subfield code="0">(DE-101)040674886</marc:subfield>
      <marc:subfield code="a">Zeitschrift</marc:subfield>
      <marc:subfield code="2">gnd-content</marc:subfield>
    </marc:datafield>
    <marc:datafield tag="655" ind1=" " ind2="7">
      <marc:subfield code="0">(DE-588)4135952-5</marc:subfield>
      <marc:subfield code="0">https://d-nb.info/gnd/4135952-5</marc:subfield>
      <marc:subfield code="0">(DE-101)041359526</marc:subfield>
      <marc:subfield code="a">Quelle</marc:subfield>
      <marc:subfield code="2">gnd-content</marc:subfield>
    </marc:datafield>
    <marc:datafield tag="655" ind1=" " ind2="7">
      <marc:subfield code="a">Quelle</marc:subfield>
      <marc:subfield code="9">rswk-swf</marc:subfield>
      <marc:subfield code="2">gnd</marc:subfield>
    </marc:datafield>
    <marc:datafield tag="689" ind1="0" ind2="0">
      <marc:subfield code="0">(DE-588)1001797-5</marc:subfield>
      <marc:subfield code="0">https://d-nb.info/gnd/1001797-5</marc:subfield>
      <marc:subfield code="0">(DE-101)004012151</marc:subfield>
      <marc:subfield code="D">b</marc:subfield>
      <marc:subfield code="a">Vereinte Nationen</marc:subfield>
      <marc:subfield code="b">Sicherheitsrat</marc:subfield>
    </marc:datafield>
    <marc:datafield tag="689" ind1="0" ind2="1">
      <marc:subfield code="A">z</marc:subfield>
      <marc:subfield code="a">Geschichte 1946-</marc:subfield>
    </marc:datafield>
    <marc:datafield tag="689" ind1="0" ind2="2">
      <marc:subfield code="A">f</marc:subfield>
      <marc:subfield code="a">Quelle</marc:subfield>
    </marc:datafield>
    <marc:datafield tag="689" ind1="0" ind2=" ">
      <marc:subfield code="5">DE-188</marc:subfield>
      <marc:subfield code="5">DE-602</marc:subfield>
    </marc:datafield>
    <marc:datafield tag="775" ind1="0" ind2="8">
      <marc:subfield code="i">Parallele Sprachausgabe</marc:subfield>
      <marc:subfield code="n">Dt. Ausg. ab 30.1975 --&gt; Offizielles Protokoll / United Nations, Security Council</marc:subfield>
      <marc:subfield code="a">United Nations, Security Council</marc:subfield>
      <marc:subfield code="t">Offizielles Protokoll</marc:subfield>
    </marc:datafield>
    <marc:datafield tag="775" ind1="0" ind2="8">
      <marc:subfield code="i">Parallele Sprachausgabe</marc:subfield>
      <marc:subfield code="n">französisch</marc:subfield>
      <marc:subfield code="a">Vereinte Nationen / Sicherheitsrat</marc:subfield>
      <marc:subfield code="t">Documents officiels / Nations Unies, Conseil de Sécurité</marc:subfield>
      <marc:subfield code="d">New York, NY : Nations Unies, 1967-1973</marc:subfield>
      <marc:subfield code="w">(DE-600)705802-0</marc:subfield>
      <marc:subfield code="w">(DE-101)013831348</marc:subfield>
    </marc:datafield>
    <marc:datafield tag="785" ind1="0" ind2="0">
      <marc:subfield code="i">Teilweise fortgesetzt von</marc:subfield>
      <marc:subfield code="n">22.1967 daraus hervorgeg.</marc:subfield>
      <marc:subfield code="a">Vereinte Nationen / Sicherheitsrat</marc:subfield>
      <marc:subfield code="t">Documents officiels / Nations Unies, Conseil de Sécurité</marc:subfield>
      <marc:subfield code="d">New York, NY : Nations Unies, 1967-1973</marc:subfield>
      <marc:subfield code="w">(DE-600)705802-0</marc:subfield>
      <marc:subfield code="w">(DE-101)013831348</marc:subfield>
    </marc:datafield>
    <marc:datafield tag="787" ind1="0" ind2="8">
      <marc:subfield code="i">23,spec.suppl.1=1967/68; 24,spec.suppl.1=1968/69; 25,spec.suppl.1=1969/70; 26,spec.suppl.1=1970/71; 27,spec.suppl.1=1971/72; 28,spec.suppl.1=1972/73; 29,spec.suppl.1=1973/74; 30,spec.suppl.1=1974/75; 31,spec.suppl.1=1975/76; 32,spec.suppl.1=1976/77; 33,spec.suppl.1=1977/78; 34,spec.suppl.1=1978/79; 35,spec.suppl.1=1979/80; 36,spec.suppl.1=1980/81; 37,spec.suppl.1=1981/82; 38,spec.suppl.1=1982/83; 39,spec.suppl.1=1983/84; 40,spec.suppl.1=1984/85; 41,spec.suppl.1=1985/86; 42,spec.suppl.1=1986/87; 43,spec.suppl.1=1987/88; 44,spec.suppl.1=1988/89; 45,spec.suppl.1=1989/90; 46,spec.suppl.1=1990/91; 47,spec.suppl.1=1991/92; 48,spec.suppl.1=1992/94; 49,spec.suppl.1=1994 von</marc:subfield>
      <marc:subfield code="a">Vereinte Nationen / Treuhandrat</marc:subfield>
      <marc:subfield code="t">Report of the Trusteeship Council to the Security Council on the Trust Territory of the Pacific Islands</marc:subfield>
      <marc:subfield code="d">New York, NY : [Verlag nicht ermittelbar], 1968-1994</marc:subfield>
      <marc:subfield code="x">0252-8029</marc:subfield>
      <marc:subfield code="w">(DE-600)1256842-9</marc:subfield>
      <marc:subfield code="w">(DE-101)017747643</marc:subfield>
    </marc:datafield>
    <marc:datafield tag="787" ind1="0" ind2="8">
      <marc:subfield code="i">Spec. suppl. zugl. einzelne Bd. von</marc:subfield>
      <marc:subfield code="a">Vereinte Nationen / Sicherheitsrat / Committee Established in Pursuance of Resolution 253 (1968) concerning the Question of Southern Rhodesia</marc:subfield>
      <marc:subfield code="t">Report of the Security Council Committee Established in Pursuance of Resolution 253 (1968) Concerning the Question of Southern Rhodesia</marc:subfield>
      <marc:subfield code="d">New York, NY : [Verlag nicht ermittelbar], 1973-</marc:subfield>
      <marc:subfield code="w">(DE-600)1256896-X</marc:subfield>
      <marc:subfield code="w">(DE-101)017747937</marc:subfield>
    </marc:datafield>
    <marc:datafield tag="850" ind1=" " ind2=" ">
      <marc:subfield code="a">DE-101a</marc:subfield>
    </marc:datafield>
  </marc:record>
</marc:collection>
